| 000 | 00857nam a2200229 a 4500 | ||
|---|---|---|---|
| 001 | 000043926 | ||
| 005 | 20201002045040.0 | ||
| 008 | 140509s1986 sp 000 0 spa d | ||
| 020 | _a8420645044 | ||
| 040 |
_aDO-SdBNP _bspa _cBNPHU |
||
| 041 | 1 | 7 |
_aspa _heng |
| 082 |
_axxxx _bxxxx |
||
| 100 | 1 |
_aPla, Josep, _d1897-1981. _971847 |
|
| 240 | 1 | 0 |
_aHomenots, Dalí, Gaudí, Nonell _lEspañol |
| 245 | 1 | 0 |
_aDalí, Gaudí, Nonell, tres artistas catalanes / _cJosep Pla ; introducción de J. M. Castellet ; traductor, María Parés. |
| 260 |
_aMadrid : _bAlianza, _bEnciclopèdia Catalana, _c1986. |
||
| 300 |
_ax, 133 p. ; _c21 cm. |
||
| 490 | 1 |
_aBiblioteca de cultura catalana _v4 |
|
| 500 | _aIncluye referencias bibliográficas y notas al pie de las páginas | ||
| 700 | 1 | 2 |
_aParés, María _etr. _971848 |
| 830 | 0 |
_aBiblioteca de cultura catalana ; _n4 _971849 |
|
| 999 |
_c43415 _d43415 |
||